Sports Quiz

Random Sports Quiz

Del bosque Achievements Quiz Stats

 Plays Quiz not verified by Sporcle

Score 0/10 Timer 06:00
0 Plays Today
Year Achievement % Correct
2002UEFA Champions League Winner
100%
2000UEFA Champions League Winner
100%
2010FIFA World Cup Winner
75%
2001Primera Division Winner
50%
2002UEFA Super Cup Winner
50%
2003Primera Division Winner
50%
2000UEFA Super Cup Runner Up
25%
2001Supercopa de Espana Winner
0%
2000Intercontinental Cup Runner Up
0%
2002Intercontinental Cup Runner Up Winner
0%

You're not logged in!

Compare scores with friends on all Sporcle quizzes.
OR
Log In

Show Comments

Extras

Top Quizzes Today


Score Distribution

Your Account Isn't Verified!

In order to create a playlist on Sporcle, you need to verify the email address you used during registration. Go to your Sporcle Settings to finish the process.

Report this User

Report this user for behavior that violates our Community Guidelines.

Details: